Poppy Playtime Characters - Statistics

General Stats
  • This quiz has been taken 1,268 times
    1,164 since last reset
  • The average score is 21 of 47
Answer Stats
Chapter Character % Correct
Chap. 1 & 4 Huggy Wuggy
98%
Chap. 1, 2, 3, 4 Poppy Playtime
92%
Chap. 3 CatNap
87%
Chap. 1, 2, 3, 4 Kissy Missy
84%
Chap. 2 Mommy Longlegs
84%
Chap 3. DogDay
76%
Chap. 2, 3, 4 The Prototype
71%
Chap. 2 Bunzo Bunny
62%
Chap. 1 Catbee
60%
Chap. 4 The Doctor
59%
Chap. 4 Doey the Doughman
58%
Chap. 4 Yarnaby
57%
Chap. 2 PJ Pug-A-Pillar
56%
Project Playtime Boxy Boo
55%
Chap. 1 Candy Cat
53%
Chap. 3 & 4 CraftyCorn
51%
Chap. 2 Daddy Longlegs
51%
Chap. 3 & 4 Bobby BearHug
50%
Chap. 3 & 4 Hoppy Hopscotch
50%
Chap. 3 & 4 KickinChicken
50%
Chap. 3 &4 Bubba Bubbaphant
49%
Chap. 2 Baby Longlegs
48%
Chap. 3 Miss Delight
47%
Chap. 1 Boogie Bot
46%
Chap. 4 Pianosaurus
46%
Chap. 4 Baba Chops
45%
Chap. 2 Mini Huggies
43%
Chap. 3 & 4 PickyPiggy
43%
Unused Characters Daisy
39%
Chap. 4 Icky Licky
35%
Chap. 4 Poe
35%
Chap. 4 Simon Smoke
35%
Rejected Toys Sir Poops-A-Lot
35%
Chap 4. Rabie Baby
34%
Chap. 4 Maggie Mako
32%
Chap. 4 Allister Gator
31%
Chap. 1 & 2 Bron the Dinosaur
31%
Chap. 4 Touille
30%
Rejected Toys Kick Me Paul
29%
Rejected Toys Owen the Oven
25%
Chap. 3 Nightmare Huggy
23%
Rejected Toys Love Bug
14%
Rejected Toys Pet Rock
13%
Rejected Toys Love Dog
12%
Rejected Toys Surprise Hare
12%
Rejected Toys Barrel'O Wuggys
4%
Unused Characters Casey Love-A-Pillar
3%
No matching quizzes found
Score Distribution
Percent of People with Each Score
Percentile by Number Answered
Your Score History
You have not taken this quiz since the last reset